ბათუმის შოთა რუსთაველის სახელმწიფო უნივერსიტეტის ბიბლიოთეკა

შეთქმულ თვრამეტიანელთა თაღლითები აფხაზეთის ა\რ-ის უმაღლეს საბჭოში : (ბიბ.ჩანაწერი № 40870)

000 -ლიდერი
ფიქსირებული სიგრძის საკონტროლო ველი 01018nam a2200229Ia 4500
001 - საკონტროლო ნომერი
საკონტროლო ველი 7514
003 - საკონტროლო ნომრის იდენტიფიკატორი
საკონტროლო ველი GE_BSU
005 - ბოლო ოპერაციის თარიღი და დრო
საკონტროლო ველი 20200109123757.0
008 - ფიქსირებული სიგრძის მონაცემთა ელემენტები - ზოგადი ინფორმაცია
ფიქსირებული სიგრძის საკონტროლო ველი 181216s2012||||ge |||||||||||||| ||geo||
010 ## - კონგრესის ბიბლიოთეკის საკონტროლო ნომერი
LC საკონტროლო ნომერი 9789941920769.
020 ## - წიგნის საერთაშორისო სტანდარტული ნომერი
International Standard Book Number 9789941920769
040 ## - კატალოგიზაციის წყარო
Transcribing agency GE_BSU
041 ## - ენის კოდი
Language code of text/sound track or separate title geo
080 ## - უნივერსალური ათობითი კლასიფიკაციის ინდექსი
Universal Decimal Classification number 821.353.1-92+94(479.224)+323.173(479.224) ს-37
100 ## - მთავარი ჩანაწერი - პიროვნების სახელი
Personal name საჯაია, სერგი (გიორგი)
9 (RLIN) 6037
245 ## - ცნობა სათაურის შესახებ
Title შეთქმულ თვრამეტიანელთა თაღლითები აფხაზეთის ა\რ-ის უმაღლეს საბჭოში :
Remainder of title ნაწ. 1 /
Statement of responsibility, etc სერგი (გიორგი) საჯაია ; რედ. ნანა ბლიაძე.
264 ## - წარმოების, გამოცემის, დისტრიბუციის და სხვა ცნობები
გამოცემის, წარმოების, დისტრიბუციის... ადგილი თბილისი,
გამოცემის, წარმოების, დისტრიბუციის... თარიღი 2012.
300 ## - ფიზიკური აღწერა
Extent 323 გვ.;
Other physical details 20 სმ.
653 ## - INDEX TERM--UNCONTROLLED
Uncontrolled term აფხაზეთის უმაღლესი საბჭო
700 ## - ADDED ENTRY--PERSONAL NAME
Personal name ბლიაძე, ნანა
Relator term რედაქტორი
9 (RLIN) 6038
942 ## - ADDED ENTRY ELEMENTS (KOHA)
Koha item type წიგნი
Source of classification or shelving scheme
ეგზემპლარები
ჩამოწერის სტატუსი დაკარგული ეგზემპლარის სტატუსი კლასიფიკაციის წყარო ან თაროზე გაწყობის სქემა დაზიანების სტატუსი არ გაიცემა მუდმივი მდებარეობა (დაცვის ადგილი) ამჟამინდელი ადგილსამყოფელი თაროზე განთავსების ადგილი შეძენის თარიღი სრული შენახვის შიფრი შტრიხკოდი ბოლო ოპერაციის თარიღი ეგზემპლარის მიმდევრობითი ნომერი (კეტერი?) ფასის ძალაში შესვლის თარიღი ეგზემპლარის სახეობა
          ბათუმის შოთა რუსთაველის სახელმწიფო უნივერსიტეტის მთავარი ბიბლიოთეკა ბათუმის შოთა რუსთაველის სახელმწიფო უნივერსიტეტის მთავარი ბიბლიოთეკა წიგნსაცავი 2018-12-17 821.353.1-92+94(479.224)+323.173(479.224) ს-37 7300 2018-12-17 7300 2018-12-17 წიგნი